| 000 | 00755nam a2200241 i 4500 | ||
|---|---|---|---|
| 001 | 145252 | ||
| 003 | ES-MaACL | ||
| 005 | 20251122151510.0 | ||
| 007 | t| | ||
| 008 | 070214s1977 sp |||| | spa d | ||
| 020 | _a84-317-0385-7 | ||
| 080 | _a929 Hernández, Miguel | ||
| 100 | 1 |
_aSorel, Andrés. _9107333 |
|
| 245 | 1 | 0 |
_aMiguel Hernández, escritor y poeta de la revolución / _cA. Sorel. |
| 250 | _a2ª ed. | ||
| 260 |
_aBilbao : _bZero, _c1977 ( _eMadrid : _fTipoart) |
||
| 300 |
_a141 p. ; _c17 cm. |
||
| 490 | 1 |
_aLee y discute. _aSerie R ; _v68 |
|
| 600 | 1 | 4 |
_aHernández, Miguel, _d1910-1942- _xBiografías _962845 |
| 830 | 0 |
_aLee y discute. _aSerie R ; _v68 _9183631 |
|
| 852 |
_aES-MaACL _jA-7296 |
||
| 999 |
_c145252 _d145252 |
||